ბათუმის შოთა რუსთაველის სახელმწიფო უნივერსიტეტის ბიბლიოთეკა

Brilliant interview (ბიბ.ჩანაწერი № 51451)

000 -LEADER
fixed length control field 00584nam a2200241Ia 4500
001 - CONTROL NUMBER
control field 18437
003 - CONTROL NUMBER IDENTIFIER
control field GE_BSU
008 - FIXED-LENGTH DATA ELEMENTS--GENERAL INFORMATION
fixed length control field 181216s||||||||xx |||||||||||||| ||und||
020 ## - INTERNATIONAL STANDARD BOOK NUMBER
International Standard Book Number 9780273743934
040 ## - CATALOGING SOURCE
Transcribing agency GE_BSU
080 ## - UNIVERSAL DECIMAL CLASSIFICATION NUMBER
Universal Decimal Classification number 331
100 ## - MAIN ENTRY--PERSONAL NAME
Personal name Jay,Ros
245 ## - TITLE STATEMENT
Title Brilliant interview
245 ## - TITLE STATEMENT
Remainder of title What employers want to hear and how to say it.
250 ## - EDITION STATEMENT
Edition statement 3rd edition
260 ## - PUBLICATION, DISTRIBUTION, ETC.
Place of publication, distribution, etc. Harlow
260 ## - PUBLICATION, DISTRIBUTION, ETC.
Name of publisher, distributor, etc. Pearson
260 ## - PUBLICATION, DISTRIBUTION, ETC.
Date of publication, distribution, etc. 2011
300 ## - PHYSICAL DESCRIPTION
Extent 202p. 22 cm.
653 ## - INDEX TERM--UNCONTROLLED
Uncontrolled term Brilliant interview
653 ## - INDEX TERM--UNCONTROLLED
Uncontrolled term What employers want to hear and how to say it.
942 ## - ADDED ENTRY ELEMENTS (KOHA)
Koha item type წიგნი
ეგზემპლარები
Withdrawn status Lost status Damaged status Not for loan Date acquired Barcode Date last seen Price effective from Koha item type
        2018-12-17 47272 2018-12-17 2018-12-17 წიგნი